Islamic science : (Record no. 888)

000 -LEADER
fixed length control field cam a22 a 4500
003 - CONTROL NUMBER IDENTIFIER
control field AKMAL
005 - DATE AND TIME OF LATEST TRANSACTION
control field 20170505163122.0
008 - FIXED-LENGTH DATA ELEMENTS--GENERAL INFORMATION
fixed length control field 170505s1996 my g 000 0 eng d
020 ## - INTERNATIONAL STANDARD BOOK NUMBER
International Standard Book Number 9839900285 (kkt. pbk.):
Terms of availability RM 23.00
040 ## - CATALOGING SOURCE
Original cataloging agency AKMAL
082 04 - DEWEY DECIMAL CLASSIFICATION NUMBER
Classification number 297.1975 ALP
Edition number 22
090 00 - LOCALLY ASSIGNED LC-TYPE CALL NUMBER (OCLC); LOCAL CALL NUMBER (RLIN)
Classification number (OCLC) (R) ; Classification number, CALL (RLIN) (NR) 297.1975
Local cutter number (OCLC) ; Book number/undivided call number, CALL (RLIN) ALP
100 1# - MAIN ENTRY--PERSONAL NAME
Personal name Acikgenc, Alparslan
9 (RLIN) 1896
245 10 - TITLE STATEMENT
Title Islamic science :
Remainder of title towards definition /
Statement of responsibility, etc. Alparslan Acikgenc
260 ## - PUBLICATION, DISTRIBUTION, ETC.
Place of publication, distribution, etc. Kuala Lumpur :
Name of publisher, distributor, etc. International Institute of Islamic Thought and Civilization (ISTAC),
Date of publication, distribution, etc. 1996
300 ## - PHYSICAL DESCRIPTION
Extent vi, 106p. :
Dimensions 22cm
650 10 - SUBJECT ADDED ENTRY--TOPICAL TERM
Topical term or geographic name entry element Islam
9 (RLIN) 922
650 20 - SUBJECT ADDED ENTRY--TOPICAL TERM
Topical term or geographic name entry element Islam and science
9 (RLIN) 152
650 20 - SUBJECT ADDED ENTRY--TOPICAL TERM
Topical term or geographic name entry element Islam and science
General subdivision History
9 (RLIN) 1897
942 ## - ADDED ENTRY ELEMENTS (KOHA)
Source of classification or shelving scheme
Koha item type Book
Holdings
Withdrawn status Lost status Source of classification or shelving scheme Damaged status Not for loan Collection code Home library Current library Shelving location Date acquired Inventory number Total Checkouts Full call number Barcode Date last seen Price effective from Koha item type
          NON-FICTION AKMAL Melaka AKMAL Melaka PINJAMAN 05.05.2017 00574   297.1975 ALP 201701950 05.05.2017 05.05.2017 Book
Pusat Sumber Maklumat Dato' Haji Sarmin Md Hussin, Akademi Kastam Diraja Malaysia, Melaka
Tel: 06-2331106 | Faks: 06-2313787